Statistics for Most Valuable Crops by U.S. State

Click here to take the quiz!

General Stats

  • This quiz has been taken 33,476 times
    (16,674 since last reset)
  • The average score is 7 of 13

Answer Stats

StatesCrop% Correct
Iowa, Illinois, and 11 othersCorn
97%
MontanaWheat
93%
WashingtonApples
77%
Idaho, MainePotatoes
77%
FloridaOranges
74%
Alabama, Georgia, TexasCotton
67%
Arkansas, Louisiana, and 4 other statesSoybeans
55%
16 different statesHay
39%
CaliforniaAlmonds
32%
ArizonaLettuce
32%
HawaiiCoffee
26%
MassachusettsCranberries
23%
New JerseyBlueberries
22%

Score Distribution

Percentile by Number Answered

Percent of People with Each Score

Your Score History

You have not taken this quiz since the last reset